000 00484nam a2200169Ia 4500
999 _c29803
_d29803
003 OSt
005 20201209135850.0
008 190216s9999||||xx |||||||||||||| ||und||
040 _coclc
082 _a894.8124
_bVIS/B
100 _aViswanathan, P
_97191
245 0 _aBhashayum Sahithyavum /
_cP Viswanathan
260 _bSamayam Publications,
_c2009.
_aKannur:
300 _a152p
650 _aLekhanam
942 _cBK
_2ddc
_h894.8124
_iVIS/B
_k894.8124
_mVIS/B